ბათუმის შოთა რუსთაველის სახელმწიფო უნივერსიტეტის ბიბლიოთეკა

Computer networking: Internet Protocols in Action (ბიბ.ჩანაწერი № 49220)

000 -LEADER
fixed length control field 00639nam a2200229Ia 4500
001 - CONTROL NUMBER
control field 16132
003 - CONTROL NUMBER IDENTIFIER
control field GE_BSU
008 - FIXED-LENGTH DATA ELEMENTS--GENERAL INFORMATION
fixed length control field 181216s||||||||xx |||||||||||||| ||und||
020 ## - INTERNATIONAL STANDARD BOOK NUMBER
International Standard Book Number 9780471661863
040 ## - CATALOGING SOURCE
Transcribing agency GE_BSU
080 ## - UNIVERSAL DECIMAL CLASSIFICATION NUMBER
Universal Decimal Classification number 004.6.2
100 ## - MAIN ENTRY--PERSONAL NAME
Personal name Matthews,Jeanna
245 ## - TITLE STATEMENT
Title Computer networking: Internet Protocols in Action
260 ## - PUBLICATION, DISTRIBUTION, ETC.
Name of publisher, distributor, etc. Willey
260 ## - PUBLICATION, DISTRIBUTION, ETC.
Date of publication, distribution, etc. 2005
300 ## - PHYSICAL DESCRIPTION
Extent 272p.24cm.
653 ## - INDEX TERM--UNCONTROLLED
Uncontrolled term Computer networking: Internet Protocols in Action
653 ## - INDEX TERM--UNCONTROLLED
Uncontrolled term ინფორმატიკა
653 ## - INDEX TERM--UNCONTROLLED
Uncontrolled term საინფორმაციო ტექნოლოგიები
942 ## - ADDED ENTRY ELEMENTS (KOHA)
Koha item type წიგნი
ეგზემპლარები
Withdrawn status Lost status Damaged status Not for loan Date acquired Barcode Date last seen Price effective from Koha item type
        2018-12-17 40300 2018-12-17 2018-12-17 წიგნი